La Teoria del dret de H.L.A. Hart (Herbert versus Hèrcules) / per Josep Joan Moreso
Descripción Física:
40 p. ; 21 cm
MARC
| LEADER | 00000nam a2200000Ia 4500 | ||
|---|---|---|---|
| 001 | 16381 | ||
| 008 | 160829s1990 xx 000 0 cat d | ||
| 080 | |a FU-41-54 | ||
| 100 | |a Moreso, Josep Joan |9 39205 | ||
| 245 | |a La Teoria del dret de H.L.A. Hart (Herbert versus Hèrcules) / per Josep Joan Moreso | ||
| 260 | |a Barcelona : |b Institut de Ciències Polítiques i Socials, |c 1990 | ||
| 300 | |a 40 p. ; |c 21 cm | ||
| 490 | |a Working papers / Institut de Ciències Polítiques i Socials ; 14 | ||
| 590 | |a Notes. | ||
| 590 | |a Referències bibliogràfiques | ||
| 650 | |a Hart, Herbert |9 39206 | ||
| 650 | |a Dret |x Filosofia |x S. XX |9 25388 | ||
| 710 | 2 | |a Institut de Ciències Polítiques i Socials (Barcelona, Catalunya) |9 55871 | |
| 901 | |a Arxiu | ||
| 942 | |n 1 | ||
| 952 | |0 0 |1 0 |4 0 |6 FU4154 |7 1 |9 48866 |a Arxiu |b Arxiu |d 2016-12-01 |l 0 |o FU-41-54 |p 16381 |r 2016-12-01 00:00:00 |w 2016-12-01 |y ARXIU | ||
| 999 | |c 52701 |d 52701 | ||